Drugs and substance abuse problems : (Record no. 128886)

MARC details
000 -LEADER
fixed length control field 00773nam a22002177a 4500
005 - DATE AND TIME OF LATEST TRANSACTION
control field 20170124110047.0
010 ## - LIBRARY OF CONGRESS CONTROL NUMBER
LC control number B-160924
020 ## - INTERNATIONAL STANDARD BOOK NUMBER
Terms of availability 595.00
International Standard Book Number 9788170999768
035 ## - SYSTEM CONTROL NUMBER
System control number B-160924
037 ## - SOURCE OF ACQUISITION
Source of stock number/acquisition Cen Lib/Ret
040 ## - CATALOGING SOURCE
Original cataloging agency DPL
Language of cataloging EN
082 ## - DEWEY DECIMAL CLASSIFICATION NUMBER
Classification number 613.8
Item number DRU
245 ## - TITLE STATEMENT
Title Drugs and substance abuse problems :
Statement of responsibility, etc edited by Madan C.Paul
Remainder of title interdisciplinary studies of cause, consequences vand prevention /
260 ## - PUBLICATION, DISTRIBUTION, ETC. (IMPRINT)
Place of publication, distribution, etc New Delhi
Name of publisher, distributor, etc Mittal Publications
Date of publication, distribution, etc 2005
270 ## - ADDRESS
City New Delhi
Address A-110, mohan garden
Postal code 110059
300 ## - PHYSICAL DESCRIPTION
Extent xiv, 302p.
Dimensions 21cm(Hb)
500 ## - GENERAL NOTE
General note Includes appendix, bibliographical references and index
650 ## - SUBJECT ADDED ENTRY--TOPICAL TERM
Topical term or geographic name as entry element Medical science
General subdivision Drugs
9 (RLIN) 24728
650 ## - SUBJECT ADDED ENTRY--TOPICAL TERM
Topical term or geographic name as entry element Causes and prevention
Form subdivision
9 (RLIN) 24729
942 ## - ADDED ENTRY ELEMENTS (KOHA)
Source of classification or shelving scheme Dewey Decimal Classification
Koha item type English Books
Classification part 613.8
Call number suffix DRU
Holdings
Withdrawn status Lost status Damaged status Not for loan Home library Current library Date acquired Source of acquisition Cost, normal purchase price Total Checkouts Full call number Barcode Date last seen Copy number Cost, replacement price Price effective from Koha item type
        Central Library Central Library 03/07/2015 Cen Lib/Ret 595.00   613.8 DRU B-160924 03/07/2015 1 595.00 03/07/2015 English Books

© Delhi Public Library
Hit Counter
free hit counter